| 000 | 00552nam a22002057a 4500 | ||
|---|---|---|---|
| 003 | BUBTL | ||
| 008 | 201108b xxu||||| |||| 00| 0 eng d | ||
| 020 | _a0-07-088046-8 | ||
| 082 | _a512.5/NIL | ||
| 100 |
_aNicholson, W. Keith _93748 |
||
| 245 |
_aLinear Algebra _bW. Keith Nicholson |
||
| 250 | _a4th | ||
| 260 |
_aNew York _bMc Graw Hill _cc2003 |
||
| 300 |
_a[xiii] , 481p . : _bill . ; 25cm. |
||
| 500 | _aIncludes Index | ||
| 650 |
_aMathematics _93749 |
||
| 856 |
_k0 _l0 _yDownload |
||
| 942 |
_2ddc _cBK |
||
| 999 |
_c6420 _d6420 |
||